| 000 | 00842cam a22002771 4500 | ||
|---|---|---|---|
| 001 | 13775 | ||
| 003 | BD-RjUL | ||
| 005 | 20211208235518.0 | ||
| 008 | 140201s1968 nyua b 000 0 eng | ||
| 035 | _a(BD-RjUL)13827 | ||
| 040 |
_aDLC _cDLC _dDLC _dBD-RjUL _beng |
||
| 041 | _aeng | ||
| 082 | 0 | 0 |
_a621.38154 _bKAE 1968 |
| 100 | 1 |
_aKazan, B. _943102 |
|
| 245 | 1 | 0 |
_aElectronic image storage / _cby B. Kazan and M. Knoll. With contributions by W. Harth. |
| 260 |
_aNew York : _bAcademic Press, _cc1968. |
||
| 300 |
_axiii, 498 p. : _billus. ; _c24 cm. |
||
| 504 | _aIncludes bibliographies. | ||
| 650 | 0 |
_aStorage tubes. _943103 |
|
| 650 | 0 |
_aOptoelectronic devices. _943104 |
|
| 700 | 1 |
_aKnoll, Max, _d1897- _ejoint author. _943105 |
|
| 700 | 1 |
_aHarth, W. _943106 |
|
| 942 |
_2ddc _cBK |
||
| 999 |
_c13775 _d13775 |
||